000 00877nam0a22002771 4500
001 RU\NLR\INFOCOMM19\ROSSICA\1000001673
005 20250613191548.0
035 _a(NLR Aleph) 009936181
090 _a10743170
_c10743170
100 _a20031002d1886 |||y0rusy50 ca
101 1 _ager
_crus
102 _aRU
105 _ay ||||000ay
200 1 _aDas Akademische Gymnasium und die Akademische Universität im XVIII Jahrhundert
_fGraf D.A.Tolstoi
_gAus dem Russischen von P.v.Kügelgen
210 _aSt.Petersburg
_d1886
215 _d
700 1 _9z01790
_aTolstoj
_bD.A.
_cграф
_f1823-1889
_gDmitrij Andrejevič
_4070
702 1 _aKügelgen
_bP.v.
_gPaul v.
_4730
790 1 _9z01700
_aTolstoi
_bD.A.
_4070
801 1 _aRU
_bInfoComm
_c20031002
801 0 _aRU
_bNLR
_gPSBO
852 _aNLR
_j13.9.8.39
942 _cBOOK
980 _aNB
980 _aRossica